| 000 | 00869nam a22002177a 4500 | ||
|---|---|---|---|
| 999 |
_c880 _d880 |
||
| 003 | AR-CdUCM | ||
| 008 | 190225b ||||| |||| 00| 0 spa d | ||
| 020 | _a9978447504 | ||
| 040 |
_aMUNICIPALIDAD PROVINCIAL DEL CUSCO _cBIBLIOTECA MUNICIPAL DEL CUSCO |
||
| 082 |
_a985.019 / _bR36 |
||
| 100 |
_aReinoso Hermida, Gustavo _93375 |
||
| 245 |
_aCañaris e incas : _bhistoria y cultura / |
||
| 260 |
_aEcuador : _bGobierno provincial del Azuay, _c2006. |
||
| 300 |
_a359 páginas ; _bfotografías, _c21.5 cm. |
||
| 505 | _aContenido: Paleoindio en el Ecuador -- Culturas agro-alfareras de Narrío y Challuabamba patrimonio arqueologico de la colonia de Narrío -- Los Cañaris -- Visión arqueológica de Azuay y Cañar ... | ||
| 650 |
_aConquista española _93376 |
||
| 650 |
_aTribus _93030 |
||
| 650 |
_aCultura _9126 |
||
| 942 |
_2ddc _cLIBROS |
||
| 945 |
_aafb _d2019-02-25 |
||